Ekonomické a ekologické aspekty zdanenia biopalív dizertačná práca
Gespeichert in:
| 1. Verfasser: | |
|---|---|
| Körperschaft: | |
| Weitere Verfasser: | |
| Format: | Buch |
| Sprache: | Slowakisch |
| Veröffentlicht: |
Bratislava
2010
|
| Schlagworte: | |
| Tags: |
Keine Tags, Fügen Sie das erste Tag hinzu!
|
MARC
| LEADER | 00000nam a2200000 4500 | ||
|---|---|---|---|
| 001 | 0124091 | ||
| 005 | 20221207094656.2 | ||
| 041 | 0 | |a slo | |
| 044 | |a SK | ||
| 245 | 1 | 0 | |a Ekonomické a ekologické aspekty zdanenia biopalív |b dizertačná práca |c Karin Bisová ; škol. Gizela Lénártová |
| 264 | 1 | |a Bratislava |c 2010 | |
| 300 | |a 183 s. | ||
| 610 | 2 | 0 | |a politika environmentálna |
| 610 | 2 | 0 | |a dane |
| 610 | 2 | 0 | |a dane ekologické |
| 610 | 2 | 0 | |a bioplyn |
| 610 | 2 | 0 | |a biopriemysel |
| 610 | 2 | 0 | |a ropa |
| 610 | 2 | 0 | |a biopalivá |
| 100 | 1 | |a Bisová, Karin | |
| 700 | 1 | |a Lénártová, Gizela | |
| 710 | 2 | |a Ekonomická univerzita v Bratislave. Fakulta podnikového manažmentu | |